• 首页
  • 本馆介绍
  • 公告通知
  • 最新文献
  • 馆藏检索
  • 电子资源
  • 读者导购
  • 参考咨询
  • 我的图书馆
  • 登录
  • 详细信息显示
  • 放入我的书架
  • 预约/预借图书
  • 作者相关作品
  • 分类相关作品
  • 丛书相关作品
  • 出版社相关作品

书目信息

  • 表格格式
  • 工作单格式
  • 卡片格式
题名:
可控硅技术
    
 
作者: ;武钢修建部电修车间 编
分册:  
出版信息: 北京   中国工业出版社  1971
页数: 276页
开本: 26cm
丛书名:
单 册:
中图分类: TN34
科图分类:
主题词: 可控硅--技术
电子资源:
ISBN:
000 00596nam0 2200193 45
001 0179005933
005 20060518152726.25
010    @dCNY1.60
100    @a19950731d1971 em y0chiy0121 ea
101 0  @achi
105    @ay z 000yy
200 10 @a可控硅技术@Ake kong gui ji shu@f武钢修建部电修车间等编@Fwu gang xiu jian bu dian xiu che jian deng bian
210    @a北京@c中国工业出版社@d1971
215    @a276页@d26cm
606    @a可控硅@x技术
690    @aTN34@v3 
711  0 @a武钢修建部电修车间@Awu gang xiu jian bu dian xiu che jian@4编
801  0 @aCN@bTSSF@c20060518
905    @a10447@dTN34@e8
    
    可控硅技术/武钢修建部电修车间等编.-北京:中国工业出版社,1971
    276页;26cm
    
    
    ISBN :CNY1.60
    
●
相关链接 在E读中查询图书 在五车中查询图书 在当当中查询图书 在豆瓣中查询图书


正题名:可控硅技术     索取号:TN34/8         预约/预借

序号 登录号 条形码 馆藏地/架位号 状态 备注
1 0009290   202358901   密集书库/ [索取号:TN34/8] 在馆    
2 0009291   202358956   密集书库/ [索取号:TN34/8] 在馆    
3 0009292   202358947   密集书库/ [索取号:TN34/8] 在馆    
唐山师范学院图书馆 欢迎您!
大连网信软件有限公司© 版权所有